L´ascension (Record no. 1641)

MARC details
000 -LEADER
campo de control de longitud fija 00447nam a2200145 4500
008 - DATOS DE LONGITUD FIJA--INFORMACIÓN GENERAL
campo de control de longitud fija 708 R741a
020 ## - NÚMERO INTERNACIONAL ESTÁNDAR DEL LIBRO
Número Internacional Estándar del Libro 848903429x
082 ## - NÚMERO DE LA CLASIFICACIÓN DECIMAL DEWEY
Número de clasificación 708
Número de ítem R741a
100 ## - ENTRADA PRINCIPAL--NOMBRE DE PERSONA
Nombre de persona Roig, Bernardí
9 (RLIN) 6581
245 ## - MENCIÓN DEL TÍTULO
Título L´ascension
260 ## - PUBLICACIÓN, DISTRIBUCIÓN, ETC.
Lugar de publicación, distribución, etc. Mallorca
Nombre del editor, distribuidor, etc. Fundació Pilar i Joan Miró a Mallorca
Fecha de publicación, distribución, etc. 1995
300 ## - DESCRIPCIÓN FÍSICA
Extensión 104 p.
Otras características físicas ill (col)
Dimensiones 24 x 19 cm
650 ## - PUNTO DE ACCESO ADICIONAL DE MATERIA--TÉRMINO DE MATERIA
Subdivisión general arte contemporáneo
-- arte - exhibiciones
-- España
-- arte - instalación
9 (RLIN) 6737
700 ## - ENTRADA AGREGADA--NOMBRE PERSONAL
Nombre de persona Olmo, Santiago B.
9 (RLIN) 4483
Holdings
Estatus retirado Estado de pérdida Fuente del sistema de clasificación o colocación Estado de daño No para préstamo Biblioteca de origen Biblioteca actual Ubicación en estantería Fecha de adquisición Total de préstamos Signatura topográfica completa Código de barras Visto por última vez Precio de reemplazo Tipo de ítem Koha
    Clasificación Decimal Dewey     Biblioteca LadoV Biblioteca LadoV   17/10/2018   708 R741a 000982 17/10/2018 17/10/2018 Material 01